000
00296nam a22001337a 4500
008
170929b xxu||||| |||| 00| 0 eng d
020
_a
0912752149
041
_a
eng
080
_a
27
100
_a
47
101
_a
EDU
245
_a
PREVENTION OF READING FAILURE
_c
MASLAND,R.L
942
_2
udc
_c
BK
999
_c
30823
_d
30823